A carregar...
صوالقصص والروايات: القصر المسحور
| Autor principal: | |
|---|---|
| Formato: | Printed Book |
| Idioma: | English |
| Colecção: | المجموعة الكاملة لمؤلفات الدكتور طه حسين
14 (1) |
| LEADER | 00526nam a22001217a 4500 | ||
|---|---|---|---|
| 008 | 210203b ||||| |||| 00| 0 eng d | ||
| 082 | |a 928.14 | ||
| 100 | |9 1580187 |a طه حسين | ||
| 245 | |a صوالقصص والروايات: القصر المسحور | ||
| 490 | |a المجموعة الكاملة لمؤلفات الدكتور طه حسين |v 14 (1) | ||
| 942 | |c BK | ||
| 999 | |c 354839 |d 354839 | ||
| 952 | |0 0 |1 0 |2 ddc |4 0 |6 928_140000000000000_NZ |7 0 |9 411656 |a ARA |b ARA |c ST1 |d 2021-02-03 |h 14 (1) |i 12814 |l 0 |o 928.14 NZ |p ARA12814 |r 2021-02-03 |w 2021-02-03 |y BK | ||